|
|
|
|
| LEADER |
00000nam a2200000 i 4500 |
| 001 |
1/70072 |
| 008 |
990223r19961995 eng d |
| 020 |
|
|
|a 0-7493-1530-X
|
| 035 |
|
|
|l 10048004
|
| 040 |
|
|
|a GR-MY-UA
|b gre
|e aacr
|
| 041 |
0 |
|
|a eng
|
| 082 |
0 |
|
|a 306.81
|
| 100 |
1 |
|
|a Dominian, Jack
|d 1929-
|
| 245 |
1 |
0 |
|a Marriage :
|b the definitive guide to what makes a marriage work /
|c Jack Dominian
|
| 260 |
|
|
|a London :
|b Cedar,
|c 1996
|
| 300 |
|
|
|a 307 p.
|
| 650 |
0 |
0 |
|a Marriage.
|
| 650 |
0 |
0 |
|a Man-woman relationships.
|
| 852 |
|
|
|a INST
|b LESVOS
|e 19990223
|h 306.81 DOM
|p 005100021206
|q 005100021206
|t BK
|y 0
|
| 901 |
|
|
|a BIBL1-2000-2
|
| 909 |
|
|
|a Λ
|b 061329
|
| 922 |
|
|
|a 1ΕΛΗ
|b 199811
|c ΚΠΣ/ΤΚ
|d ΠΑΠΑΣΩΤΗΡΙΟΥ
|
| 950 |
|
|
|a 103-1998-07-27
|
| 970 |
|
|
|z 2000/07/ΔΕΜΕΝΑΓΑΣ
|